000 01092nam a2200277 i 4500
001 bg
003 BPK
005 20221019101033.0
008 s1999 pl f f |000 0 pol
040 _cBPK
080 _a669.017/.018
080 _a(075.8)
100 1 _aPrzybyłowicz, Karol
_d(1930- )
_eAutor
245 1 0 _aRepetytorium z materiałoznawstwa.
_nCz. 7,
_pMetody badania materiałów metalowych /
_cKarol Przybyłowicz, Janusz Przybyłowicz.
246 3 0 _aMetody badania materiałów metalowych
260 _aKielce :
_bPŚ. Wydaw.,
_c1999.
300 _a124 s. :
_bfot., rys., wykr. ;
_c24 cm.
490 1 _aSkrypty / Politechnika Świętokrzyska,
_x0239-6386 ;
_v347
655 4 _aPodręczniki akademickie
650 4 _aMetaloznawstwo
710 2 _aWydawnictwo Politechniki Świętokrzyskiej
_b
_4pbl.
700 1 _aPrzybyłowicz, Janusz
_eAutor
830 0 _aSkrypty - Politechnika Świętokrzyska,
_v347
942 _cKS
_2UKD
856 _uhttp://koha.tu.koszalin.pl/cgi-bin/koha/opac-detail.pl?biblionumber=37748
_yKatalog online BPK
999 _c37748
_d37748